<The> Battle for Investment Survival

Gespeichert in:
Bibliographische Detailangaben
1. Verfasser: Loeb, Gerald M.
Format: Buch
Sprache:Englisch
Veröffentlicht: New York Simon and Schuster 1965
Ausgabe:1. ed.
Tags: Tag hinzufügen
Keine Tags, Fügen Sie das erste Tag hinzu!

MARC

LEADER 00000nam a2200000 4500
001 c033169
005 20221220101408.4
041 0 |a eng 
044 |a US 
245 1 0 |a <The> Battle for Investment Survival  |c Gerald M. Loeb 
250 |a 1. ed. 
264 1 |a New York  |b Simon and Schuster  |c 1965 
300 |a 320 s. 
100 1 |a Loeb, Gerald M.